MARC details
| 000 -CABECERA |
| campo de control de longitud fija |
01385nam a2200277 u 4500 |
| 001 - NÚMERO DE CONTROL |
| campo de control |
000002714 |
| 005 - FECHA Y HORA DE LA ÚLTIMA TRANSACCIÓN |
| campo de control |
20260305073950.0 |
| 008 - DATOS DE LONGITUD FIJA--INFORMACIÓN GENERAL |
| campo de control de longitud fija |
090702s1988 dr r 001 0 spa d |
| 040 ## - FUENTE DE LA CATALOGACIÓN |
| Centro catalogador/agencia de origen |
DO-SdBNP |
| Lengua de catalogación |
spa |
| Centro/agencia transcriptor |
BNPHU |
| 082 ## - NÚMERO DE LA CLASIFICACIÓN DECIMAL DEWEY |
| Número de clasificación |
336.39 |
| Número de documento/Ítem |
F745i |
| 110 2# - ENTRADA PRINCIPAL--NOMBRE DE ENTIDAD CORPORATIVA |
| Nombre de entidad corporativa o nombre de jurisdicción como elemento de entrada |
FORUM |
| 9 (RLIN) |
8563 |
| 245 10 - MENCIÓN DE TÍTULO |
| Título |
Impacto económico del gasto público en la República Dominicana / |
| Mención de responsabilidad, etc. |
editor Frank Moya Pons. |
| 260 ## - PUBLICACIÓN, DISTRIBUCIÓN, ETC. |
| Lugar de publicación, distribución, etc. |
Santo Domingo : |
| Nombre del editor, distribuidor, etc. |
FORUM, |
| Fecha de publicación, distribución, etc. |
1988. |
| 300 ## - DESCRIPCIÓN FÍSICA |
| Extensión |
117 p. ; |
| Dimensiones |
22 cm. |
| 490 1# - MENCIÓN DE SERIE |
| Mención de serie |
Forum |
| Designación de volumen o secuencia |
32 |
| 505 0# - NOTA DE CONTENIDO CON FORMATO |
| Información miscelánea |
Presentación -- |
| Título |
Introducción / |
| Mención de responsabilidad |
Aníbal de Castro -- |
| Título |
Agregados monetarios, reservas de divisas, inversión pública y tasa de cambio / |
| Mención de responsabilidad |
Andrés Dauhajre, hijo -- |
| Título |
¿Qué ocurre con la tasa de cambio: problema monetario o fiscal? / |
| Mención de responsabilidad |
Héctor Guiliani Cury -- |
| Título |
Debate -- |
| -- |
El financiamiento del gasto público / |
| Mención de responsabilidad |
Eduardo García Michel -- |
| Título |
La estructura del gasto público / |
| Mención de responsabilidad |
José Luis Alemán -- |
| Título |
Debate. |
| 590 ## - NOTA LOCAL (RLIN) |
| Nota local |
Inventariado, 2018/LP |
| 650 #4 - PUNTO DE ACCESO ADICIONAL DE MATERIA--TÉRMINO DE MATERIA |
| Término de materia o nombre geográfico como elemento de entrada |
Gastos públicos |
| Subdivisión geográfica |
República Dominicana |
| 9 (RLIN) |
6405 |
| 650 #4 - PUNTO DE ACCESO ADICIONAL DE MATERIA--TÉRMINO DE MATERIA |
| Término de materia o nombre geográfico como elemento de entrada |
Hacienda pública |
| Subdivisión geográfica |
República Dominicana |
| 9 (RLIN) |
6562 |
| 650 #0 - PUNTO DE ACCESO ADICIONAL DE MATERIA--TÉRMINO DE MATERIA |
| Término de materia o nombre geográfico como elemento de entrada |
FINANZAS PÚBLICAS |
| Subdivisión general |
REPÚBLICA DOMINICANA |
| 9 (RLIN) |
8564 |
| 651 #4 - PUNTO DE ACCESO ADICIONAL DE MATERIA--NOMBRE GEOGRÁFICO |
| Nombre geográfico |
República Dominicana |
| Subdivisión general |
Condiciones Económicas |
| 9 (RLIN) |
281 |
| 651 #4 - PUNTO DE ACCESO ADICIONAL DE MATERIA--NOMBRE GEOGRÁFICO |
| Nombre geográfico |
República Dominicana |
| Subdivisión general |
Política Económica |
| 9 (RLIN) |
643 |
| 700 1# - PUNTO DE ACCESO ADICIONAL--NOMBRE DE PERSONA |
| Nombre de persona |
Moya Pons, Frank, |
| Fechas asociadas al nombre |
1944- |
| Término indicativo de función/relación |
ed. |
| 9 (RLIN) |
2095 |
| 830 #0 - PUNTO DE ACCESO ADICIONAL DE SERIE-TÍTULO UNIFORME |
| Título uniforme |
Forum ; |
| Número de parte o sección de la obra |
32 |
| 9 (RLIN) |
8565 |
| 910 ## - DATOS DE OPCIÓN DEL USUARIO (OCLC) |
| Datos de opción del usuario |
Validado. Control de calidad EMS |